000
00309nam a22001337a 4500
999
_c
528257
_d
528257
003
NUST
038
_a
MSOHAIL
082
_a
330.028
_b
GRE
100
_a
William H. Greene
_9
19966
245
_a
LIMDEP Version 7.0 Users's Manual
260
_a
Boston
_b
Pearson
_c
1998
300
_a
924;P
_c
25CM
942
_2
ddc
_c
BK